Радиоактивные элементы в окружающей среде; Известия Томского политехнического университета [Известия ТПУ]; Т. 311, № 1 : Науки о Земле

Bibliografiset tiedot
Parent link:Известия Томского политехнического университета [Известия ТПУ]/ Томский политехнический университет (ТПУ).— , 2000-
Т. 311, № 1 : Науки о Земле.— 2007.— [С. 128-136]
Muut tekijät: Рихванов Л. П. Леонид Петрович, Арбузов С. И. Сергей Иванович, Барановская Н. В. Наталья Владимировна, Волостнов А. В. Александр Валерьевич, Архангельская Т. А. Татьяна Александровна, Межибор А. М. Антонина Михайловна, Берчук В. В., Жорняк Л. В. Лина Владимировна, Замятина Ю. Л. Юлия Леонидовна, Иванов А. Ю. Андрей Юрьевич, Таловская А. В. Анна Валерьевна, Шатилова С. С., Язиков Е. Г. Егор Григорьевич
Yhteenveto:Заглавие с титульного листа
Электронная версия печатной публикации
Обсуждается индикаторная роль естественных радиоактивных элементов (U, Th) в геосферных оболочках и различных компонентах природной среды, а также рассматриваются проблемы техногенных радионуклидов.
Kieli:venäjä
Julkaistu: 2007
Sarja:Геоэкология
Aiheet:
Linkit:http://www.lib.tpu.ru/fulltext/v/Bulletin_TPU/2007/v311/i1/21.pdf
Aineistotyyppi: MixedMaterials Elektroninen Kirjan osa
KOHA link:https://koha.lib.tpu.ru/cgi-bin/koha/opac-detail.pl?biblionumber=172403

MARC

LEADER 00000nla2a2200000 4500
001 172403
005 20240402064743.0
035 |a (RuTPU)RU\TPU\book\186968 
035 |a RU\TPU\book\186967 
090 |a 172403 
100 |a 20091213d2007 k y0rusy50 ca 
101 0 |a rus 
102 |a RU 
135 |a drnn ---uucaa 
181 0 |a i  
182 0 |a b 
200 1 |a Радиоактивные элементы в окружающей среде  |f Л. П. Рихванов [и др.] 
203 |a Текст  |c электронный 
215 |a 1 файл (659 Кб) 
225 1 |a Геоэкология 
300 |a Заглавие с титульного листа 
300 |a Электронная версия печатной публикации 
320 |a [Библиогр.: с. 135-136 (47 назв.)] 
330 |a Обсуждается индикаторная роль естественных радиоактивных элементов (U, Th) в геосферных оболочках и различных компонентах природной среды, а также рассматриваются проблемы техногенных радионуклидов. 
337 |a Adobe Reader 
461 1 |0 (RuTPU)RU\TPU\book\176237  |t Известия Томского политехнического университета [Известия ТПУ]  |f Томский политехнический университет (ТПУ)  |d 2000- 
463 1 |0 (RuTPU)RU\TPU\book\186947  |t Т. 311, № 1 : Науки о Земле  |v [С. 128-136]  |d 2007 
610 1 |a радиоактивные элементы 
610 1 |a окружающая среда 
610 1 |a геосферные оболочки 
610 1 |a природная среда 
610 1 |a техногенные радионуклиды 
610 1 |a труды учёных ТПУ 
610 1 |a электронный ресурс 
701 1 |a Рихванов  |b Л. П.  |c геолог  |c профессор Томского политехнического университета, доктор геолого-минералогических наук  |c заслуженный геолог РФ  |c почетный работник высшего образования РФ  |f 1945-  |g Леонид Петрович  |3 (RuTPU)RU\TPU\pers\23187 
701 1 |a Арбузов  |b С. И.  |c российский геолог и геохимик  |c профессор Томского политехнического университета, доктор геолого-минералогических наук  |f 1959-  |g Сергей Иванович  |3 (RuTPU)RU\TPU\pers\24710  |9 10962 
701 1 |a Барановская  |b Н. В.  |c геохимик  |c профессор Томского политехнического университета, доктор биологических наук  |f 1970-  |g Наталья Владимировна  |3 (RuTPU)RU\TPU\pers\26055  |9 11894 
701 1 |a Волостнов  |b А. В.  |c российский геохимик и геоэколог  |c доцент Томского политехнического университета  |g Александр Валерьевич  |3 (RuTPU)RU\TPU\pers\25709 
701 1 |a Архангельская  |b Т. А.  |c российский радиоэколог  |c доцент Томского политехнического университета, кандидат геолого-минералогических наук  |f 1976-  |g Татьяна Александровна  |3 (RuTPU)RU\TPU\pers\25714 
701 1 |a Межибор  |b А. М.  |c геоэколог, специалист в области экологической геохимии  |c доцент Томского политехнического университета  |f 1982-  |g Антонина Михайловна  |3 (RuTPU)RU\TPU\pers\25806 
701 1 |a Берчук  |b В. В. 
701 1 |a Жорняк  |b Л. В.  |c геохимик  |c доцент Томского политехнического университета, кандидат геолого-минералогических наук  |f 1981-  |g Лина Владимировна  |3 (RuTPU)RU\TPU\pers\26169  |4 070  |9 11978 
701 1 |a Замятина  |b Ю. Л.  |c российский радиоэколог  |c доцент Томского политехнического университета, кандидат геолого-минералогических наук  |f 1979-  |g Юлия Леонидовна  |3 (RuTPU)RU\TPU\pers\25712  |9 11621 
701 1 |a Иванов  |b А. Ю.  |c геохимик  |c доцент Томского политехнического университета, кандидат геолого-минералогических наук  |f 1983-  |g Андрей Юрьевич  |y Томск  |3 (RuTPU)RU\TPU\pers\25715  |9 11624 
701 1 |a Таловская  |b А. В.  |c геохимик  |c профессор Томского политехнического университета, доктор геолого-минералогических наук  |f 1983-  |g Анна Валерьевна  |x TPU  |y Томск  |3 (RuTPU)RU\TPU\pers\26173  |9 11982 
701 1 |a Шатилова  |b С. С. 
701 1 |a Язиков  |b Е. Г.  |c специалист в области геологии и минералогии  |c профессор Томского политехнического университета, доктор геолого-минералогических наук, заместитель проректора по образовательной и международной деятельности  |f 1955-  |g Егор Григорьевич  |3 (RuTPU)RU\TPU\pers\26057  |9 11896 
801 1 |a RU  |b 63413507  |c 20090623  |g PSBO 
801 2 |a RU  |b 63413507  |c 20211115  |g PSBO 
856 4 |u http://www.lib.tpu.ru/fulltext/v/Bulletin_TPU/2007/v311/i1/21.pdf 
942 |c CF